000 00324nam a2200145Ia 4500
100 _aTower/ T.D.
942 _cBK
654 _aelectronics
245 _aTowers International Transistor Selector
260 _bB.P.B.
_aNew york
_c1985
082 _a621.381528
_bTOW
300 _a379
546 _aENGLISH
999 _c24958
_d24958